Finis (Record no. 23467)

MARC details
000 -LEADER
campo de control de longitud fija 00431nam a2200157 i 4500
001 - NÚMERO DE CONTROL
campo de control 23467
003 - IDENTIFICADOR DE NÚMERO DE CONTROL
campo de control ES-MaACL
005 - FECHA Y HORA DE LA ÚLTIMA TRANSACCIÓN
campo de control 20230906152857.0
007 - CAMPO FIJO DE DESCRIPCIÓN FÍSICA--INFORMACIÓN GENERAL
campo de control de longitud fija t|
008 - DATOS DE LONGITUD FIJA--INFORMACIÓN GENERAL
campo de control de longitud fija 021210s1901 sp ||||1| spa d
100 1# - ENTRADA PRINCIPAL--NOMBRE DE PERSONA
Nombre de persona Insúa, Waldo A.
9 (RLIN) 65348
245 10 - MENCIÓN DEL TÍTULO
Título Finis
Resto del título : últimos días de España en Cuba /
Mención de responsabilidad, etc. por Waldo Alvarez Insua.
260 ## - PUBLICACIÓN, DISTRIBUCIÓN, ETC.
Lugar de publicación, distribución, etc. Madrid :
Nombre del editor, distribuidor, etc. Romero,
Fecha de publicación, distribución, etc. 1901.
300 ## - DESCRIPCIÓN FÍSICA
Extensión 394 p. ;
Dimensiones 20 cm.
852 ## - LOCALIZACIÓN
Ubicación ES-MaACL
Número de control de estantería F-11653
Holdings
Estatus retirado Estado de pérdida Estado de daño No para préstamo Biblioteca de origen Biblioteca actual Ubicación en estantería Fecha de adquisición Fuente de adquisición Total de préstamos Signatura topográfica completa Código de barras Visto por última vez Precio de reemplazo Tipo de ítem Koha
        Biblioteca del Ateneo de Madrid Biblioteca del Ateneo de Madrid Sala Pecera Planta 2 17/01/2008     F-11653 1024180 23/02/2023 23/02/2023 Libro impreso antiguo